000 00945cam a2200289 i 4500
999 _c3658
_d3658
001 4178161
003 ALUPE UNIVERSITY
005 20220131090813.0
008 790329s1978 sz a b i000 0 eng
010 _a 79302083
015 _aSw***
020 _a924154130X
040 _aDLC
_cALUPE UNIVERSITY
_dDLC
050 0 0 _aRA410.6
_b.H42 1978
082 0 0 _a331.1/1
245 0 0 _aHealth manpower planning :
_bprinciples, methods, issues /
_cedited by T. L. Hall and A. Mejía.
260 _aGeneva :
_bWorld Health Organization, ;
_a[Albany, N.Y. :
_bdistributed by WHO Publications Centre USA],
_c1978.
300 _a311 p. :
_bill. ;
_c24 cm.
504 _aIncludes bibliographical references.
650 0 _aMedical personnel.
650 0 _aHealth planning.
650 0 _aManpower policy.
700 1 _aHall, Thomas L.
700 1 _aMejía, Alfonso.
906 _a7
_bcbc
_corignew
_d3
_encip
_f19
_gy-gencatlg
942 _2lcc
_cBK
_nDO